[Event "BRA-ch U18 Girls"]
[Site "Sao Paulo"]
[Date "2012.04.30"]
[Round "6"]
[White "Travassos, Kamily Santana"]
[Black "Venancio, Vanessa Caroline"]
[Result "0-1"]
[WhiteElo "1705"]
[BlackElo "1857"]
[PlyCount "58"]
[EventDate "2012.04.28"]
[EventType "swiss"]
[EventRounds "7"]
[EventCountry "BRA"]
[SourceTitle "CBM 148 Extra"]
[Source "ChessBase"]
[SourceDate "2012.06.22"]
[SourceVersion "1"]
[SourceVersionDate "2012.06.22"]
[SourceQuality "1"]

1. c4 e6 2. Nf3 Nc6 3. g3 h6 4. Bg2 Nf6 5. 0-0 Be7 6. Nc3 0-0 7. d3 d5 8. cxd5 exd5 9. d4 Be6 10. Re1 Re8 11. e4 dxe4 12. Nxe4 Nxe4 13. Rxe4 Bd5 14. Re1 Bd6 15. Be3 Qf6 16. Rf1 Bb4 17. Qe2 a6 18. a3 Bd6 19. Rac1 Rac8 20. Nh4 Bxg2 21. Nxg2 Kh8 22. Nf4 Bxf4 23. gxf4 Qg6+ 24. Kh1 Nxd4 25. Qc4 Nf3 26. Qc2 Qh5 27. h4 Qxh4+ 28. Kg2 Qg4+ 29. Kh1 Qh3# 0-1

[Event "BRA-ch U18 Girls"]
[Site "Sao Paulo"]
[Date "2012.04.28"]
[Round "2"]
[White "Venancio, Vanessa Caroline"]
[Black "Vieira, Larissa Moretti"]
[Result "0-1"]
[WhiteElo "1857"]
[BlackElo "1807"]
[PlyCount "70"]
[EventDate "2012.04.28"]
[EventType "swiss"]
[EventRounds "7"]
[EventCountry "BRA"]
[SourceTitle "CBM 148 Extra"]
[Source "ChessBase"]
[SourceDate "2012.06.22"]
[SourceVersion "1"]
[SourceVersionDate "2012.06.22"]
[SourceQuality "1"]

1. e4 Nf6 2. Nc3 d5 3. exd5 Nxd5 4. Nge2 Bf5 5. h3 Nb4 6. d3 Bxd3 7. Nd4 Qxd4 8. Bxd3 Nxd3+ 9. Qxd3 Qxd3 10. cxd3 c6 11. 0-0 Nd7 12. d4 e6 13. a3 0-0-0 14. Be3 Nb6 15. b3 Be7 16. Rfd1 Rd7 17. Ra2 Rhd8 18. Ne2 e5 19. Rad2 Bxa3 20. dxe5 Rxd2 21. Rxd2 Rxd2 22. Bxd2 Bb2 23. Bc3 Bxc3 24. Nxc3 Nd7 25. f4 Nc5 26. g3 Nxb3 27. Ne4 a5 28. Nc3 b5 29. Kf1 a4 30. Ke1 a3 31. Kd1 b4 32. Kc2 Nd4+ 33. Kb1 bxc3 34. g4 c2+ 35. Kc1 a2 0-1